Centrálne vetranie a čiastočná klimatizácia rezidenčného objektu s polyfunkciou

Salvato in:
Dettagli Bibliografici
Autore principale: Szabo, Marek (Autore)
Altri autori: Straková, Zuzana (Relatore della tesi)
Natura: Manoscritto Libro
Lingua:slovacco
Pubblicazione: 2025
Soggetti:
Accesso online:http://is.stuba.sk/zp/portal_zp.pl?podrobnosti=181778
CRZP
Tags: Aggiungi Tag
Nessun Tag, puoi essere il primo ad aggiungerne!!

MARC

LEADER 00000ntm a22000003a 4500
001 stuzp104255
003 SK-STU
005 20250801110225.2
007 ta
008 150427s2015----xo-----f-mn---000-0-slo-d
040 |a STU  |b slo 
041 0 |a slo 
100 1 |a Szabo, Marek  |u 010290  |4 aut  |U SvF Stavebná fakulta  |T SvF Katedra technických zariadení budov  |X 104401  |U V290  |Y 31  |7 104401 
242 0 1 |a Central ventilation and partial air conditioning of residential building with polyfunction  |y eng 
245 1 0 |a Centrálne vetranie a čiastočná klimatizácia rezidenčného objektu s polyfunkciou 
260 |c 2025 
650 4 |a Air handling  |2 eng 
650 4 |a Residential building  |2 eng 
650 4 |a Partial air conditioning  |2 eng 
650 4 |a Central ventilation  |2 eng 
650 4 |a Rezidenčný objekt s polyfunkciou  |2 slo 
650 4 |a Centrálne vetranie  |2 slo 
650 4 |a Čiastočná klimatizácia  |2 slo 
650 4 |a Vzduchotechnika  |2 slo 
700 1 |a Straková, Zuzana  |u 010290  |k Z1  |4 ths  |U SvF Stavebná fakulta  |T SvF Katedra technických zariadení budov  |X 1647  |U V290  |Y 31  |7 1647 
856 4 |u http://is.stuba.sk/zp/portal_zp.pl?podrobnosti=181778 
856 4 |u https://opac.crzp.sk/?fn=detailBiblioForm&sid=BBB70232DB8D19E5F426BADCF3EF  |z CRZP